Economics and Business Management in the 21st Century Proceedings from the 4th International Scientific Conference, 28th– 29th November, 2018, (Ostrava, Czech Republic)
Na minha lista:
| Corporate Authors: | , |
|---|---|
| Outros Autores: | , |
| Formato: | Livro |
| Idioma: | inglês tcheco eslovaco |
| Publicado em: |
Ostrava
VŠB - Technical University of Ostrava
2019
|
| Edição: | 1st Edition |
| Assuntos: | |
| Tags: |
Sem tags, seja o primeiro a adicionar uma tag!
|
MARC
| LEADER | 00000nlm a2200000 4500 | ||
|---|---|---|---|
| 001 | 0258044 | ||
| 005 | 20240514074808.9 | ||
| 020 | |a 978-80-248-4279-0 | ||
| 020 | |a 978-80-248-4278-3 | ||
| 041 | 0 | |a eng | |
| 041 | 0 | |a cze | |
| 041 | 0 | |a slo | |
| 044 | |a CZ | ||
| 245 | 1 | 0 | |a Economics and Business Management in the 21st Century |b Proceedings from the 4th International Scientific Conference, 28th– 29th November, 2018, (Ostrava, Czech Republic) |c Edited by: Ivana Prusenovská, Kateřina Stanovská |
| 250 | |a 1st Edition | ||
| 264 | 1 | |a Ostrava |b VŠB - Technical University of Ostrava |c 2019 | |
| 300 | |a online 308 s. | ||
| 610 | 2 | 0 | |a podnikanie |
| 610 | 2 | 0 | |a riadenie podnikové |
| 610 | 2 | 0 | |a ekonomika regionálna |
| 610 | 2 | 0 | |a zdroje ľudské |
| 610 | 2 | 0 | |a kapitál ľudský |
| 610 | 2 | 0 | |a manažéri |
| 610 | 2 | 0 | |a prostredie podnikateľské |
| 610 | 2 | 0 | |a Česko |
| 610 | 2 | 0 | |a Slovensko |
| 700 | 1 | |a Prusenovská, Ivana | |
| 700 | 1 | |a Stanovská, Kateřina | |
| 110 | 2 | |a Economics and Business Management in the 21st Century. International Scientific Conference | |
| 710 | 2 | |a Vysoká škola báňská - Technická univerzita Ostrava | |